[Event "Muensterland Verbandsklasse 1617"]
[Site "Germany"]
[Date "2016.11.12"]
[Round "3.5"]
[White "Specht, Bernfried"]
[Black "Hofene, Markus"]
[Result "0-1"]
[WhiteElo "1708"]
[BlackElo "1636"]
[PlyCount "58"]
[EventDate "2016.09.24"]
[EventType "team"]
[EventRounds "9"]
[EventCountry "GER"]
[SourceTitle "EXT 2018"]
[Source "ChessBase"]
[SourceDate "2017.10.13"]
[SourceVersion "1"]
[SourceVersionDate "2017.10.13"]
[SourceQuality "1"]
[WhiteTeam "Sendenhorst"]
[BlackTeam "Beelen II"]
[WhiteTeamCountry "GER"]
[BlackTeamCountry "GER"]

1. e4 d5 2. d4 dxe4 3. Nc3 Nf6 4. f3 exf3 5. Qxf3 c6 6. Be3 Bg4 7. Qf2 Qa5 8. Bd3 e6 9. Nf3 Nbd7 10. 0-0 Bxf3 11. Qxf3 Qh5 12. Qg3 0-0-0 13. Bf4 Nb6 14. Bb8 Rd7 15. Bxa7 Bd6 16. Qxg7 Bxh2+ 17. Kf2 Ng4+ 18. Ke1 Bg3+ 19. Kd2 Be5 20. dxe5 Nc4+ 21. Kc1 Rhd8 22. Bxc4 b5 23. Be2 f5 24. Bxg4 fxg4 25. Qf6 b4 26. Qf2 bxc3 27. bxc3 Qxe5 28. Rb1 g3 29. Rb8+ Qxb8 0-1

[Event "Muensterland Verbandsklasse 1617"]
[Site "Germany"]
[Date "2016.09.24"]
[Round "1.5"]
[White "Suer, Julian"]
[Black "Hofene, Markus"]
[Result "1-0"]
[WhiteElo "1744"]
[BlackElo "1636"]
[PlyCount "77"]
[EventDate "2016.09.24"]
[EventType "team"]
[EventRounds "9"]
[EventCountry "GER"]
[SourceTitle "EXT 2018"]
[Source "ChessBase"]
[SourceDate "2017.10.13"]
[SourceVersion "1"]
[SourceVersionDate "2017.10.13"]
[SourceQuality "1"]
[WhiteTeam "Raesfeld Erle II"]
[BlackTeam "Beelen II"]
[WhiteTeamCountry "GER"]
[BlackTeamCountry "GER"]

1. e4 d5 2. exd5 Nf6 3. d4 Nxd5 4. c4 Nf6 5. Nf3 c6 6. Nc3 Bg4 7. Be2 Nbd7 8. 0-0 e6 9. d5 Nb6 10. dxc6 bxc6 11. Ne5 Qxd1 12. Rxd1 Bxe2 13. Nxe2 Nfd7 14. Nxc6 Nxc4 15. b3 Ncb6 16. Bb2 Rc8 17. Rac1 a6 18. Ne5 Nxe5 19. Bxe5 f6 20. Bd4 Rxc1 21. Rxc1 Nd7 22. Rc6 e5 23. Be3 a5 24. Ra6 Kf7 25. Rxa5 Be7 26. Rd5 Ke6 27. Rd1 Ra8 28. a4 Nc5 29. Bxc5 Bxc5 30. Nc3 Bb4 31. Nb5 Rc8 32. Kf1 Rc2 33. Ra1 Kd7 34. a5 Rc8 35. Rd1+ Ke6 36. a6 Bc5 37. Rc1 Kd7 38. a7 Kc6 39. b4 1-0